000 00416nam a2200121 4500
999 _c13746
_d13746
008 190403b ||||| |||| 00| 0 eng d
100 _938212
_aDe Vera-Ruiz, Ellalyn
245 _aRizal province's georeserve gets int'l award for biodiversity conservation/
_cEllalyn De Vera-Ruiz
260 _aPhilippines:
_bManila Bulletin;
_cc2018.
300 _apage 6.
650 0 _938213
_aBiological diversity.
942 _2ddc
_cPER